| 000 | 00862nas a2200277 4500 | ||
|---|---|---|---|
| 001 | BR0900919 | ||
| 003 | BR-BrBNA | ||
| 005 | 20231205113141.0 | ||
| 007 | ta | ||
| 008 | 230509b bl.|||p| |||| 00| 00por d | ||
| 040 |
_aBR-BrBNA _bpor _cBiblioteca Nacional de Agricultura |
||
| 041 | _a(Pt) | ||
| 072 | _aP33; P10 | ||
| 100 | 1 | _aMatos, A.T. de | |
| 100 | 1 | _aPinto, A.B. | |
| 100 | 1 | _aPereira, O.G. | |
| 100 | 1 | _aBarros, F.M. | |
| 245 | 1 | _aAlteração de atributos químicos no solo de rampas utilizadas no tratamento de águas residuais. | |
| 650 | _aÁGUA | ||
| 650 | _aSOLO | ||
| 650 | _aRESÍDUOS | ||
| 650 | _aQUIMICA | ||
| 773 | 0 |
_tAgriambi - Revista Brasileira de Engenharia Agrícola e Ambiental (Brazil) _xISSN 1415-4366 _g(Jul-Sep 2005), v. 9(3) p. 406-412 _wBR0900919 |
|
| 909 |
_a202311 _bLúcia _c55 _dLúcia Elande |
||
| 942 |
_2AGRIS _n0 _cANA |
||
| 999 |
_c202127 _d202127 |
||